000 00954nam a22003137a 4500
003 CHAP
005 20220329135753.0
008 971013s1960 r 00010 d
010 _a41802
011 _a42774
035 _a46903
040 _cCHAP
090 _aFolleto 1389
100 0 0 _aMuro de Rendón, Margarita del.
_979783
245 _aAzufre inoculado (biosulphur)
260 _aMéxico, D.F. :
_bFlora Microbiana, S.A.,
_c1960
300 _a42 p.
_b: ilus
490 _aFolleto técnico
590 _aBATCH-UPD
_b10
_c20130110
_lUCH01
_h0143
590 _aBATCH-UPD
_b10
_c20130110
_lUCH01
_h1944
590 _aBATCH-UPD
_b10
_c20130410
_lUCH01
_h1306
590 _aBATCH-UPD
_b10
_c20130914
_lUCH01
_h0513
590 _aCONVERSION
_b10
_c20130109
_lUCH01
_h1323
650 1 4 _aAzufre como fertilizante.
_99222
830 0 _aFolleto técnico
_942067
901 _aBK
942 _cFOLL
949 _aFolleto 1389
_bBC
_cFOLL
_d-106829
_eTS1
_i46903
_si
999 _c41802
_d41802